000 00550nam a22002051a 4500
001 3808
003 OSt
005 20260204211904.0
008 050220s1979||||mx ||||||b||||||||||spa||
020 _a9684291620
050 _a324.174 G957h
082 _a324.174 G957h
100 _aGunsche, Kart - Ludwing
245 _aHistoria de la Internacional Socialista / Kart - Ludwig Gunsche
264 _aMéxico : Nueva Imagen
300 _a351 p
650 _a1.Internacional Socialista - Historia
700 _aLantermann, KlausÌ
942 _2ddc
_cBK
999 _c3808
_d3808